[Event "1st Guwahati GM Open 2022"]
[Site "Guwahati"]
[Date "2022.03.17"]
[Round "6.15"]
[White "Praloy Sahoo"]
[Black "Shahil Dey"]
[Result "0-1"]
[WhiteElo "2047"]
[BlackElo "2400"]
[Annotator "TA"]
[PlyCount "110"]
[EventDate "2022.03.15"]
[EventCountry "IND"]
[SourceTitle "playchess.com"]
[Source "ChessBase"]
[SourceQuality "1"]

{[%evp 19,110,37,34,35,41,0,36,0,0,0,0,0,0,0,0,0,0,-35,0,-35,0,0,0,0,0,0,0,-14,-19,-16,-10,-25,-29,-26,0,-36,-34,-70,-68,-68,54,-12,0,-19,-19,-19,-17,-13,-17,-15,-16,-19,-14,-48,-22,-90,-76,-76,-76,-76,-76,-97,-53,-59,-49,-50,-16,-17,-17,-37,-37,-49,-49,-50,-52,-73,-57,-79,-80,-90,-74,-97,-89,-108,-120,-176,-172,-162,-145,-145,-145,-653,-622]} 1. e4 c5 2. Nf3 d6 3. Bb5+ Nd7 4. O-O a6 5. Bxd7+ Bxd7 6. d4 cxd4 7. Qxd4 e5 8. Qd3 h6 9. c4 Nf6 10. Nc3 Be7 {[%cal Ob7b5]} 11. a4 {Inhibits b5. The main line 11.a4 scores better than 11.b3. B51: Sicilian: Moscow Variation (3 Bb5+) without 3...Bd7.} O-O {[%cal Ob7b5]} 12. h3 (12. Be3 $14 {deserves consideration.}) 12... Bc6 {[%cal Ob7b5] [#]} (12... b5 $5) 13. Qc2 $146 {White is slightly better.} (13. Re1 {with more complications.} b6 14. b4 Bd7 15. Be3 Qc7 16. Rec1) ({Predecessor:} 13. Be3 Qc7 14. a5 Qd7 15. b4 Qc7 16. Rfc1 Rac8 17. b5 Bd7 18. Na4 axb5 19. cxb5 {1-0 (51) Huda,M (2128)-Kamara,A (1899) Chess.com INT 2020}) 13... b5 14. axb5 axb5 15. Rxa8 Qxa8 16. cxb5 Bxe4 17. Nxe4 Nxe4 18. Be3 (18. Qc7 $5 {[%cal Rc7e7]} Bd8 19. Qc6 Qxc6 20. bxc6 $15) 18... Nf6 (18... Rb8 $5 {[%cal Rb8b5]}) 19. Qb3 Nd5 (19... Rb8 {keeps more tension.} 20. Rd1 Qb7 21. b6 Nd7 22. Rd5 Nxb6 23. Rb5 Bd8) 20. Rd1 Nxe3 21. fxe3 Rb8 22. Rd5 Kh8 23. e4 Qa1+ 24. Kh2 Qc1 {Threatens to win with ...Qf4+.} 25. Rd2 Kg8 26. Qd5 Rb6 27. Qa8+ (27. b3 $5 {[%cal Rd5c4]}) 27... Bf8 28. Qa5 Rb8 {White must now prevent ...Qc4.} 29. Qa4 {Inhibits Qc4.} Kh8 (29... Rc8 $15) 30. b3 (30. Qa7 $14 Rxb5 31. Qxf7) 30... Qc5 $11 31. Qc4 Qxb5 32. Qxf7 Qxb3 33. Qxb3 Rxb3 {[%mdl 4096] Endgame KRB-KRN} 34. Nh4 Kh7 35. Nf5 Rb6 36. Rf2 {[%cal Of5h6]} Kg8 (36... Rb4 $5 {[%cal Rb4e4]} 37. Nh4 g5 $1 38. Rxf8 gxh4 $17) 37. Kg3 (37. Rc2 $11) 37... Rb3+ 38. Rf3 Rb4 39. Rd3 Rxe4 40. Nxd6 {[#]} Rb4 ({Better is} 40... Rf4 $1 $17 41. Rd5 g5) 41. Kf3 $15 Rf4+ 42. Ke3 Be7 43. Ne4 Kf7 44. Rb3 Rf1 45. Rb7 Ra1 46. Rb3 Ra6 47. Kf3 Ke6 48. Rb7 Ra3+ 49. Ke2 Bf8 50. Rb5 Kf5 51. Nf2 Bd6 52. Rd5 {[#]} (52. Nd3 $17 {was called for.}) 52... Bb8 $1 $19 53. Rd8 Ba7 {aiming for ...Ra2+.} 54. Rf8+ Ke6 {Hoping for ...Ra2+. Black is more active.} 55. Ne4 $2 {[%mdl 8192]} (55. Nd3 $17) 55... Re3+ {Weighted Error Value: White=0.34/Black=0.13 (very precise)} 0-1

[Event "1st Guwahati GM Open 2022"]
[Site "Guwahati"]
[Date "2022.03.17"]
[Round "6.16"]
[White "Karthikeyan, P.."]
[Black "Singh, Soram Rahul"]
[Result "1-0"]
[WhiteElo "2396"]
[BlackElo "2006"]
[Annotator "TA"]
[PlyCount "63"]
[EventDate "2022.03.15"]
[EventCountry "IND"]
[SourceTitle "playchess.com"]
[Source "ChessBase"]
[SourceQuality "1"]

{[%evp 17,63,21,23,23,27,24,23,25,23,6,11,7,0,-72,-77,-116,0,0,0,0,0,0,0,0,0,0,0,0,0,0,10,0,93,93,177,175,175,175,177,176,187,188,544,559,535,512,1128,1008]} 1. d4 d5 2. c4 e6 3. Nc3 Nf6 4. cxd5 exd5 5. Bg5 c6 6. e3 Nbd7 7. Bd3 Be7 8. Nge2 Nh5 {8...Nf8 is a critical line.} 9. Bxe7 Qxe7 10. Qd2 {D35: Queen's Gambit Declined: Exchange Variation.} g6 11. O-O O-O 12. f3 {White has an edge.} Nb6 13. e4 Be6 14. e5 f6 {[#]} 15. g4 $146 (15. f4 $11) ({Predecessor:} 15. f4 fxe5 16. fxe5 Ng7 17. Ng3 Qb4 18. Nge2 Bf5 19. a3 Qe7 20. Nf4 Bxd3 21. Qxd3 {0-1 (59) Krebs,J (2206)-Hiermann,D (2243) Austria 2019}) 15... Ng7 $17 16. Rae1 f5 ({Black should play} 16... fxe5 $17 {And now ...Nd7 would win.} 17. dxe5 Rf7) 17. h3 $11 Qh4 18. Kg2 fxg4 19. hxg4 Bxg4 20. fxg4 Qxg4+ 21. Ng3 Qxd4 {aiming for ...Nc4.} 22. Nce2 $1 {[%cal Bc3e2,Be2g1,Bg1f3,Bf3e5][%mdl 32]} Qxe5 23. Ng1 Qd4 {Hoping for ...Nc4.} 24. Nf3 $1 Qg4 (24... Qf4 $1 $11 {remains equal.}) 25. Ne5 $16 Qh4 {[#]} (25... Qd4 $16) 26. Bxg6 $1 $18 {[%mdl 512] Rh1 is the strong threat.} Nc4 (26... hxg6 27. Nxg6 Rxf1 28. Rxf1 $18) 27. Nxc4 {Dancing on a razor blade.} hxg6 28. Ne5 $36 {[%mdl 2048] White is in control.} Nh5 29. Nxh5 Qxh5 (29... Rxf1 30. Rxf1 Qxh5) 30. Rh1 {White is clearly winning.} Qf5 31. Re2 {Intending Qh6 and mate.} Qf4 {[#]} (31... g5 $142 32. Kg3 Rfe8) 32. Rh8+ $1 {[%mdl 512] Weighted Error Value: White=0.08 (flawless) /Black=0.45} 1-0

[Event "1st Guwahati GM Open 2022"]
[Site "Guwahati"]
[Date "2022.03.17"]
[Round "6.17"]
[White "Arnav Maheshwari"]
[Black "Sidhant, Mohapatra"]
[Result "0-1"]
[WhiteElo "1934"]
[BlackElo "2359"]
[Annotator "ChessBase"]
[PlyCount "78"]
[EventDate "2022.03.15"]
[EventCountry "IND"]
[SourceTitle "playchess.com"]
[Source "ChessBase"]
[SourceQuality "1"]

1. e4 e6 2. d4 d5 3. Nd2 dxe4 4. Nxe4 Nd7 5. Be2 Ngf6 6. Nxf6+ Nxf6 7. Bf3 Bd6 8. Ne2 c6 9. Bg5 h6 10. Bxf6 Qxf6 11. Ng3 Qd8 12. c3 Qc7 13. Ne4 Be7 14. O-O O-O 15. Re1 b6 16. Qc2 Bb7 17. Nd2 Rad8 18. h3 Bc8 19. Rad1 c5 20. dxc5 Bxc5 21. Nb3 Be7 22. Nd4 g6 23. Qa4 a6 24. Qc6 Rd7 25. Nc2 Qxc6 26. Bxc6 Rxd1 27. Rxd1 Rd8 28. Rxd8+ Bxd8 29. Kf1 Kf8 30. Ke1 Ke7 31. b3 g5 32. c4 h5 33. Bf3 h4 34. Be2 f5 35. Bd1 g4 36. Be2 Kd6 37. Kf1 gxh3 38. b4 Ke5 39. Ne1 Kf4 0-1

[Event "1st Guwahati GM Open 2022"]
[Site "Guwahati"]
[Date "2022.03.17"]
[Round "6.18"]
[White "Mrinmoy Rajkhowa"]
[Black "Sai Agni Jeevitesh, J."]
[Result "1/2-1/2"]
[WhiteElo "1634"]
[BlackElo "2316"]
[Annotator "TA"]
[PlyCount "92"]
[EventDate "2022.03.15"]
[EventCountry "IND"]
[SourceTitle "playchess.com"]
[Source "ChessBase"]
[SourceQuality "1"]

{[%evp 16,92,0,0,6,4,20,-1,35,28,62,14,43,19,26,26,31,0,0,0,1,7,6,0,0,7,3,2,12,12,7,0,0,0,0,0,0,0,0,0,0,0,0,0,0,0,0,-5,0,0,0,0,0,0,0,0,0,0,0,0,0,0,0,0,0,0,0,0,0,0,0,0,0,0,0,0,0,0,9]} 1. e4 c6 2. d4 d5 3. Nd2 dxe4 4. Nxe4 Nf6 5. Nxf6+ exf6 6. Nf3 Bd6 7. Bd3 O-O 8. O-O Bg4 9. h3 Bh5 {B15: Caro-Kann: 3 Nc3: 3...g6 and 3...dxe4 4 Nxe4 Nf6 5 Nxf6+ exf6.} 10. Re1 {10.Bf5 is more advanced technology.} Bc7 11. Be3 Qd6 12. g3 {[#]} Qd5 $146 ({Predecessor:} 12... Nd7 13. Bf1 Rfe8 14. Bg2 Nf8 15. Bf4 Qd7 16. Qd2 Rad8 17. Bxc7 Qxc7 18. Rxe8 Rxe8 {0-1 (82) Feryn,B (2197)-Gunina,V (2471) Europe Echecs INT 2022}) 13. Be2 (13. Kg2 $14) 13... b5 14. Nh4 {[%cal Bf3h4,Bh4g2,Bg2f4][%mdl 32]} Bxe2 15. Qxe2 Nd7 16. Ng2 Rfe8 {The position is equal.} 17. Qd3 Nb6 18. Bf4 Bxf4 19. Nxf4 Qd7 20. c3 a5 21. b3 Nd5 22. Nxd5 cxd5 23. Kh2 Rac8 24. Rxe8+ Qxe8 $11 {[%mdl 4096] Endgame KQR-KQR} 25. a4 bxa4 26. Rxa4 g6 27. Rxa5 {[#] Hoping for Qf3.} Qe1 {[%csl LRc3,LRf2]} 28. Qe3 ({Avoid the trap} 28. Rxd5 $2 Qxf2+ 29. Kh1 Re8 $19) 28... Qxe3 29. fxe3 {[%cal Bf2e3,Be3e4][%mdl 32] And now Rc5 would win.} Rxc3 30. Rxd5 Rxb3 {KR-KR} 31. Rd8+ Kg7 32. e4 h5 33. d5 Rb4 34. Re8 Rd4 35. Kg2 f5 36. exf5 gxf5 37. Rd8 Rd3 38. d6 Kf6 39. d7 Ke7 40. Rh8 Kxd7 41. Rxh5 Ke6 42. Rh4 Ke5 43. Ra4 Rd2+ 44. Kf3 Rd3+ 45. Kg2 Rd2+ 46. Kf3 Rd3+ {Weighted Error Value: White=0.04 (flawless) /Black=0.03 (flawless)} 1/2-1/2

[Event "1st Guwahati GM Open 2022"]
[Site "Guwahati"]
[Date "2022.03.17"]
[Round "6.19"]
[White "Nigmatov, Ortik"]
[Black "Borgaonkar Akshay"]
[Result "1-0"]
[WhiteElo "2445"]
[BlackElo "1985"]
[Annotator "TA"]
[PlyCount "89"]
[EventDate "2022.03.15"]
[EventCountry "IND"]
[SourceTitle "playchess.com"]
[Source "ChessBase"]
[SourceQuality "1"]

{[%evp 11,89,24,28,23,11,27,29,22,17,21,32,25,97,85,85,50,50,43,35,51,81,57,71,68,70,65,97,85,119,115,125,125,138,133,137,128,167,167,161,155,157,157,160,156,176,176,176,176,245,244,240,240,349,345,308,211,339,221,357,356,404,402,398,387,383,380,584,334,762,752,931,931,952,1319,1305,1278,1209,1087,29990,29991]} 1. e4 c5 2. Nf3 e6 3. d4 cxd4 4. Nxd4 Nc6 5. Nc3 Qc7 6. Be3 Nf6 {[%cal Bg8f6,Bf6d5,Bd5c3][%mdl 32]} 7. f4 {B48: Sicilian: Taimanov: 5 Nc3 Qc7 6 Be3 a6 without Be2.} Bb4 8. Ndb5 Qa5 9. e5 {White has an edge.} Nd5 10. Bd2 {Threatens to win with Nxd5.} Nxc3 11. Nxc3 Qb6 (11... d5 $11 {remains equal.}) 12. Bd3 {[#]} Ne7 $146 ({Predecessor:} 12... Bxc3 13. Bxc3 Qe3+ 14. Qe2 Qxf4 15. g3 Qg5 16. Rg1 b6 17. h4 Qe7 18. O-O-O Bb7 {0-1 (57) Areshchenko,A (2645)-Novikov,S (2545) Moscow 2008}) 13. Ne4 {[%cal Bc3e4,Be4d2,Bd2c4,Bc4d6,Bd6b5][%mdl 32]} Qe3+ 14. Qe2 Bxd2+ 15. Nxd2 Qxe2+ 16. Kxe2 b6 17. Nc4 $36 {[%mdl 2048] White is pushing.} O-O 18. Nd6 a5 {White leaves nothing to chance now.} 19. Rhd1 {White is much more active. Black has bad knights.} Ba6 20. Bxa6 Rxa6 21. Nb5 Nd5 22. g3 {Strongly threatening c4.} Rc8 23. Rac1 Rc4 {[#]} 24. b3 $1 Nc3+ 25. Nxc3 Rxc3 26. Rxd7 $18 {[%cal Rd7d8][%mdl 4096] Endgame KRR-KRR} Ra8 {To avoid Rd8+} 27. Rd3 Rac8 {[#]} 28. Kd2 $1 R3c6 29. a4 f6 (29... h5 $142 30. c4 f6) 30. c4 fxe5 31. fxe5 Kf7 (31... Rf8 $142 32. Kc3 Rf5) 32. Ke3 Ke7 33. Rf1 {Hoping for Ke4.} R6c7 (33... h5 {might work better.} 34. Rf4 R6c7) 34. Ke4 Re8 (34... h5 $142 35. Rd6 Rb7) 35. g4 h6 36. h3 {[%cal Bh2h3,Bh3h4,Bh4g5,Bg5g6][%mdl 32]} Rb7 37. h4 Rg8 38. Rd6 {Black must now prevent g5.} Re8 (38... Rd8 $142 39. Rf7+ Kxf7 40. Rxd8 Ke7) 39. Rf3 {g5 is the strong threat.} Rg8 $2 (39... Rh8 40. Rf4 Rd8 41. Rf7+ Kxf7 42. Rxd8 Ke7) 40. g5 hxg5 41. hxg5 Rbb8 42. g6 {aiming for Rf7+.} Rgf8 {To avoid Rf7+} 43. Rxf8 Rxf8 44. Rxb6 {Threatening mate with Rb7+.} Rh8 45. Rb7+ {Weighted Error Value: White=0.17 (very precise) /Black=0.55} 1-0

[Event "1st Guwahati GM Open 2022"]
[Site "Guwahati"]
[Date "2022.03.17"]
[Round "6.20"]
[White "Abdisalimov, Abdimalik"]
[Black "Pradip, Ghosh"]
[Result "1-0"]
[WhiteElo "2435"]
[BlackElo "1974"]
[Annotator "TA"]
[PlyCount "77"]
[EventDate "2022.03.15"]
[EventCountry "IND"]
[SourceTitle "playchess.com"]
[Source "ChessBase"]
[SourceQuality "1"]

{[%evp 9,77,2,6,11,35,20,30,26,47,36,38,41,56,29,35,34,47,44,49,46,47,41,59,61,52,54,53,30,64,43,48,23,28,0,32,31,27,11,22,34,59,37,63,45,63,63,108,63,110,115,137,126,166,166,172,167,375,384,397,397,379,371,402,395,394,402,395,388,372,359]} 1. d4 d5 2. c4 c6 3. cxd5 cxd5 4. Bg5 h6 5. Bh4 Nc6 6. Nc3 {D10: Slav Defence: 3 cxd5 (without early Nf3) and 3 Nc3.} Nf6 7. Bxf6 (7. e3 {feels hotter.} e6 8. Nf3 Bd6 9. Bd3 Bd7 10. Rc1) 7... gxf6 8. e3 {[#] White has an edge.} Rg8 $146 ({Predecessor:} 8... e6 9. Nge2 Bd6 10. Qd2 Bd7 11. Nf4 Bxf4 12. exf4 Qb6 13. Rd1 O-O-O 14. Be2 Kb8 {½-½ (67) Theodorou,N (2543)-Mastrovasilis,A (2518) Patras 2019}) 9. Rc1 e6 10. g3 Bd7 11. Nge2 f5 12. Nf4 Qb6 13. Nd3 Bd6 14. Be2 a6 15. O-O Kf8 16. Na4 Qc7 17. Qb3 Be8 18. Nac5 Rb8 19. f4 Qe7 20. Qc3 f6 21. b4 h5 (21... Ra8 $5 {[%cal Rb7b6]}) 22. Kf2 Kg7 23. Qb3 Kh8 24. Ne1 Rc8 25. Ng2 Rg7 26. Rc3 Bf7 27. Rfc1 {[%cal Oc5a6]} Rcg8 {[#]} (27... Be8 $14 {was preferrable.}) 28. Nh4 (28. Nxb7 $1 $16 {[%mdl 512]} Nxd4 29. exd4 Qxb7 30. Rc6 Qxb4 31. Qxb4 Bxb4 32. Rxa6) 28... Be8 (28... Na7 $14) 29. Bf3 $16 Nd8 30. a4 {[%cal Ba2a4,Ba4b5][%mdl 32] White is much more active.} Rh7 31. b5 axb5 32. axb5 Nf7 $2 {[#]} (32... Rf8 {might work better.} 33. Bg2 b6) 33. Nxe6 $1 $18 {[%mdl 512] White is winning.} Qxe6 34. Bxd5 Qd7 35. Rc8 Qxb5 36. Qxb5 {Dancing on a razor blade.} ({Don't do} 36. Ng6+ Kg7 $18) 36... Bxb5 37. Rxg8+ ({Much less strong is} 37. Nxf5 Bb4 38. Bxf7 Rxf7 $18) 37... Kxg8 38. Rc8+ Bf8 (38... Kg7 {gets mated.} 39. Nxf5+ Kg6 40. Rg8+) 39. Ng6 {Weighted Error Value: White=0.06 (flawless) /Black=0.19 (very precise)} 1-0

[Event "1st Guwahati GM Open 2022"]
[Site "Guwahati"]
[Date "2022.03.18"]
[Round "7.1"]
[White "Ratnakaran, K.."]
[Black "Delgado Ramirez, Neuris"]
[Result "0-1"]
[WhiteElo "2316"]
[BlackElo "2615"]
[Annotator "TA"]
[PlyCount "118"]
[EventDate "2022.03.15"]
[EventCountry "IND"]
[SourceTitle "playchess.com"]
[Source "ChessBase"]
[SourceQuality "1"]

{[%evp 9,118,10,56,0,2,12,20,7,18,28,8,-19,-21,-31,6,-18,0,0,0,0,-8,-22,-4,-21,-22,-32,-35,-25,-22,-12,-22,-166,-167,-257,-264,-303,-297,-297,-295,-303,-160,-163,-169,-178,-122,-135,-138,-164,-158,-166,-155,-171,-168,-169,-166,-171,-172,-153,-150,-162,-68,-119,-133,-131,-133,-125,-141,-578,-527,-581,-587,-584,-561,-577,0,-201,0,-582,-567,-501,-470,-950,-700,-6412,-6096,-29962,-29965,-29967,-29968,-29986,-29987,-29989,-935,-983,-976,-985,-985,-914,-862,-1327,-1266,-1315,-1113,-4817,-4841,-29966,-29967,-29950,-29946,-2679,-1588]} 1. e4 c5 2. Nf3 Nc6 3. Bb5 e6 4. O-O Nge7 5. Re1 b6 (5... a6 $11 6. Be2 d5) 6. b3 {B30: Sicilian: 2...Nc6 3 Bb5, lines without ...g6.} (6. c3 $14) 6... Bb7 7. Bb2 Ng6 8. a4 {[#] The position is equal.} a6 $146 ({Predecessor:} 8... f6 9. Bxc6 Bxc6 10. d4 cxd4 11. Nxd4 Bb4 12. Bc3 Bc5 13. Nxc6 dxc6 14. Qxd8+ Rxd8 {½-½ (27) Ivanovic,B (2500)-Komarov,D (2600) Niksic 1997}) 9. Bf1 f6 10. Nc3 Bd6 11. Ne2 Qc7 12. c3 Nce5 13. Nxe5 fxe5 14. Ng3 O-O 15. Rc1 Rf7 16. Rc2 Rc8 17. Bc1 Be7 18. d3 b5 19. axb5 axb5 20. d4 (20. Be2 $11) 20... cxd4 $19 {[%cal Oe7b4]} 21. Bxb5 {[#]} (21. Bd2 {was necessary.}) 21... Bb4 $1 {[%mdl 512]} 22. Bd2 (22. Qg4 dxc3) 22... dxc3 23. Be3 Qa5 24. Qe2 Bc6 (24... Nf4 $19 25. Qf1 Ra8) 25. Bxc6 $17 Rxc6 26. Ra2 Qd8 (26... Qc7 $1 $19 27. Rea1 Qd6) 27. Qb5 Bf8 28. Rc1 Rc8 29. Bb6 Qe7 {[%cal Od7d5]} 30. Ba5 Qg5 $1 31. Qf1 Ra8 {[%cal Of8b4] Hoping for ...Bb4!} 32. Rcc2 h5 {[%cal Bh7h5,Bh5h4][%mdl 32] Strongly threatening ...Bc5.} 33. Bxc3 Rxa2 34. Rxa2 Nf4 (34... h4 $19 35. Ne2 h3) 35. Kh1 (35. h4 $1 $15 Qxh4 36. Bxe5) 35... h4 $1 36. Ne2 Nd3 $1 37. Ng1 Qe3 {Black is much more active.} 38. Nf3 $2 {[%mdl 8192]} (38. f3 $17 {is a better chance.}) 38... Rxf3 $19 39. gxf3 Qxf3+ 40. Qg2 Qd1+ 41. Qg1 Qf3+ (41... Qxb3 42. Qa1 Bc5) 42. Qg2 {[#]} Qd1+ $40 {[%mdl 128] Black mounts an attack.} (42... Qf4 $1 {[%cal Rf4c1]} 43. Bd2 {[#]} h3 $1 {[%mdl 512]} 44. Bxf4 hxg2+ 45. Kxg2 exf4) 43. Qg1 Qxb3 44. Qa1 Bc5 45. Kg2 (45. Kg1 $142 h3 46. Rd2 Nxf2 47. Rxf2) 45... Nf4+ 46. Kf3 Bb4 47. Ra8+ Kh7 48. Kg4 {[#]} Qc2 $1 49. Qh1 (49. Qe1 Ng2) 49... Qxc3 50. Qf3 Qxf3+ (50... Qc1 $142 51. Kxh4 Qg1 52. Qg3 Qd1 53. Qxf4 exf4 54. Kg5 Qf3 55. Re8 Qxe4 56. Kg4 f3+ 57. Kh5 Qf4 58. Rg8 Kxg8 59. h3 Be7 60. Kg6 Qh6#) 51. Kxf3 Bc5 52. Rd8 d6 53. Kg4 h3 54. f3 Kg6 55. Rd7 Kf6 {White must now prevent ...d5.} 56. Kg3 d5 {( -> ...Be3)} 57. Rc7 Be3 58. exd5 exd5 59. Kg4 g6 {Weighted Error Value: White=0.85/Black=0.50} 0-1

[Event "1st Guwahati GM Open 2022"]
[Site "Guwahati"]
[Date "2022.03.18"]
[Round "7.2"]
[White "Das, Sayantan"]
[Black "Rios, Cristhian Camilo"]
[Result "1-0"]
[WhiteElo "2459"]
[BlackElo "2449"]
[Annotator "TA"]
[PlyCount "39"]
[EventDate "2022.03.15"]
[EventCountry "IND"]
[SourceTitle "playchess.com"]
[Source "ChessBase"]
[SourceQuality "1"]

{[%evp 12,39,62,72,108,93,216,216,216,218,216,212,273,274,425,416,416,412,471,463,653,635,640,636,1614,1539,1490,1441,1280,1219]} 1. e4 c5 2. Nf3 Nc6 3. Bb5 g6 4. c3 Bg7 5. d4 cxd4 6. cxd4 Qb6 {6...Nf6 deserves study.} 7. Nc3 $1 a6 {B31: Sicilian: 2...Nc6 3 Bb5 g6.} 8. Ba4 Nxd4 {[#]} (8... Qd8 $16) 9. Nd5 $1 $18 Nxf3+ {White is clearly better.} 10. gxf3 Qd6 {[#]} 11. Be3 $146 ({Predecessor:} 11. Bf4 Be5 12. Bxe5 Qxe5 13. Rc1 Kf8 14. O-O d6 15. f4 Qxe4 16. Bc2 Qe6 17. Nc7 {1-0 (46) Quparadze,G (2481)-Molaei,M (2327) Amol 2018}) 11... b5 {[#]} 12. Rc1 $1 {Black must now prevent Nc7+.} Rb8 {[#]} (12... Be5 $142) (12... Bb7 13. Nc7+) 13. Bb6 $1 {[%mdl 512] Hoping for Bc7.} Bxb2 {[#]} (13... Nf6 14. Bc7) 14. Rc2 {Strongly threatening Bc7.} Qa3 (14... Qe5 15. Bc7) 15. Bb3 {White is clearly winning.} ({Don't do} 15. Ba7 Bb7 16. Bxb8 Qxa4 17. Rxb2 Qxd1+ 18. Kxd1 Bxd5 19. exd5 Nh6 $18) 15... Be5 (15... Bb7 $142 16. Bc5 Qa5+ 17. Bb4 Qd8 18. Rxb2 e6) 16. f4 Bd6 17. Qd4 {To avoid Nf6} Nf6 18. Nxf6+ exf6 {[#]} 19. Qxf6 $1 {[%csl Gb3][%cal Rf6f7]} Qb4+ (19... O-O 20. Bd4) 20. Kf1 {Black did not feel at home in the position after the opening.  Weighted Error Value: White=0.01 (flawless) /Black=0.60} 1-0

[Event "1st Guwahati GM Open 2022"]
[Site "Guwahati"]
[Date "2022.03.18"]
[Round "7.3"]
[White "Ponkratov, Pavel"]
[Black "Karthikeyan, P.."]
[Result "1-0"]
[WhiteElo "2641"]
[BlackElo "2396"]
[Annotator "TA"]
[PlyCount "61"]
[EventDate "2022.03.15"]
[EventCountry "IND"]
[SourceTitle "playchess.com"]
[Source "ChessBase"]
[SourceQuality "1"]

{[%evp 11,61,18,25,7,0,18,29,35,55,43,56,60,102,66,143,155,122,147,136,141,127,107,122,120,109,105,147,101,175,161,155,97,97,98,97,106,115,125,142,134,151,134,144,92,407,409,406,398,489,474,427,394]} 1. e4 c5 2. Nf3 e6 3. d4 cxd4 4. Nxd4 Nc6 5. Nc3 Qc7 6. Be3 a6 7. g4 {seems to push 7.Qd2 aside. B48: Sicilian: Taimanov: 5 Nc3 Qc7 6 Be3 a6 without Be2.} b5 8. Nxc6 dxc6 9. Qf3 {White has an edge.} Bb4 10. O-O-O Ne7 11. h4 {[%cal Bh2h4,Bh4h5][%mdl 32] [#]} e5 $146 (11... f6 $14 {might be stronger.}) ({Predecessor:} 11... h6 12. Ne2 Bd7 13. Nf4 Bd6 14. Nh5 Rg8 15. Bxh6 Be5 16. Bf4 Bxf4+ 17. Nxf4 e5 {½-½ (30) Prusikin,M (2547)-Charnushevich,A (2499) Mulhouse 2021}) 12. h5 h6 (12... Be6 $1 $14) 13. g5 $1 $36 {[%mdl 2048] White is really pushing.} hxg5 14. Bxg5 Be6 15. Bh3 Bxh3 16. Rxh3 Qc8 17. Rg3 {[%cal Oh5h6] And now h6! would win. White is much more active. Black has bad knights.} Qe6 {Prevents h6.} 18. Kb1 (18. Bxe7 Bxe7 19. Kb1 Qf6 $11) 18... f6 (18... Rd8 $142) 19. Bc1 (19. Be3 $142) 19... Rh7 (19... Qf7 $16 {keeps fighting.}) 20. Ne2 $1 $18 Rd8 {[#]} 21. Rdg1 ({Better is} 21. Rgg1 $1) 21... Qf7 $16 22. Rh3 Bd2 23. Qg4 Qc4 24. b3 Qc5 25. Rd1 Bxc1 26. Rxd8+ Kxd8 27. Nxc1 (27. Rd3+ Ke8 28. Qd7+ (28. Nxc1 f5 $11) (28. Qe6 $2 Ba3 $19) 28... Kf7 29. Kxc1 Rxh5 $14) (27. Kxc1 $142 {Rd3+ is the strong threat.} Ke8 28. Re3) 27... Qxf2 $2 {[%mdl 8192] This move loses the game for Black.} (27... Ke8 $16 {is tougher.}) 28. Rd3+ $18 Ke8 29. Rd7 {Intending Qe6 and mate.} ({And not} 29. Qe6 Qa7 $11) 29... Nf5 30. Qg6+ ({Worse is} 30. Rb7 {[#]} Qxc2+ $3 {[%mdl 512]} 31. Kxc2 Ne3+ 32. Kc3 Nxg4 $17) 30... Kxd7 31. exf5 {Weighted Error Value: White=0.09 (flawless) /Black=0.37} ({Stronger than} 31. Qxh7 Ne3 32. Qxg7+ Ke6 33. Qg8+ Ke7 34. Qg7+ Ke8 35. Qg8+ Ke7 36. Qg7+ Ke8 37. Qg8+ Ke7 $11) 1-0

[Event "1st Guwahati GM Open 2022"]
[Site "Guwahati"]
[Date "2022.03.18"]
[Round "7.4"]
[White "Shahil Dey"]
[Black "Deepan Chakkravarthy J."]
[Result "0-1"]
[WhiteElo "2400"]
[BlackElo "2520"]
[Annotator "TA"]
[PlyCount "90"]
[EventDate "2022.03.15"]
[EventCountry "IND"]
[SourceTitle "playchess.com"]
[Source "ChessBase"]
[SourceQuality "1"]

{[%evp 16,90,8,-1,37,0,0,0,-6,-29,-6,-8,0,0,12,8,43,25,22,4,0,-18,-11,0,-10,-4,-6,-72,-72,-83,-90,-68,-75,-573,-554,-857,-845,-843,-800,-936,-850,-939,-879,-1157,-830,-1375,-1359,-1354,-1354,-1290,-1229,-1682,-1664,-1868,-1797,-1821,-1585,-1608,-1608,-1431,-1335,-1262,-1285,-1477,-1470,-1453,-1441,-1431,-1359,-2339,-1372,-1297,-1230,-29949,-6622,-29992,-6070]} 1. e4 c5 2. Nc3 d6 3. Nge2 Nf6 4. g3 Nc6 5. Bg2 g6 6. O-O Bg7 7. d3 Rb8 8. f4 O-O 9. h3 Nd4 {B25: Closed Sicilian: 3 g3, lines without early Be3.} 10. Be3 Ne8 11. g4 b5 {The position is equal.} 12. Qd2 b4 13. Nd1 {[#]} a5 $146 ({Predecessor:} 13... Nxe2+ 14. Qxe2 f5 15. gxf5 gxf5 16. c3 Nc7 17. exf5 Bxf5 18. Bd2 Qd7 19. Nf2 bxc3 20. Bxc3 {0-1 (51) Sevgi,V (2263)-Nigmatov,O (2315) Ulaanbaatar 2015}) 14. Ng3 a4 15. Rc1 a3 16. bxa3 bxa3 17. f5 Nc6 18. Bh6 Qa5 19. c3 Ne5 {Strongly threatening ...Ba6.} 20. Bxg7 Nxg7 21. Ne3 {[#]} (21. Bf3 $11) 21... Rb2 $1 $17 22. Rc2 Ba6 {Black is more active.} 23. Rxb2 axb2 24. Nd5 $2 {[%mdl 8192] White does not recover from this.} (24. Rb1 $17) 24... Rb8 $19 25. f6 exf6 26. Nxf6+ Kf8 {[%cal Bg8f8,Bf8e8,Be8d8,Bd8c7,Bc7b7,Bb7a8][%mdl 32]} 27. Nxh7+ Ke8 28. Nf6+ Kd8 29. Qh6 Ne6 30. Qh8+ Kc7 31. Nd5+ Kb7 32. Qf6 Bxd3 33. Qe7+ Ka8 34. Qxd6 Bxf1 35. Nxf1 {[#]} b1=Q $1 {[%cal Oa5a2]} 36. Qxe5 (36. a4 Nc4) 36... Rb2 37. Nde3 {[#]} Rxg2+ $1 38. Nxg2 Qaxa2 {Threatens to win with ...Qe2.} 39. Qh8+ Ka7 40. Qf6 Qxe4 {[%csl Ga2][%cal Re4g2]} 41. Nfe3 Qab1+ 42. Kh2 Qb8+ 43. Kg1 Qbb7 {( -> ...Qf3)} 44. h4 Qf3 45. Qe5 Qb8 {Weighted Error Value: White=1.13/Black=0.36} (45... Qb1+ $142 46. Nd1 Qfxd1+ 47. Qe1 Qxe1+ 48. Nxe1 Qxe1+ 49. Kg2 Qe3 50. Kh1 Qg3 51. g5 Nf4 52. c4 Qg2#) 0-1